| 000 | 00712 a2200169 4500 | ||
|---|---|---|---|
| 003 | Nust | ||
| 005 | 20170207153214.0 | ||
| 040 | _cNust | ||
| 082 | _a621.382 | ||
| 100 | _aHafiz , Lt Col Ghulam (MSc-17) | ||
| 245 |
_aCommunication techniques under jamming (EME) _cLt Col Ghulam Hafiz |
||
| 260 |
_bMCS _c1993 _aRawalpindi |
||
| 300 | _axvi,101 :p. | ||
| 505 | _aIntroduction (page-1), Analysis of analog communication techniques (page-7), Analysis of frequency hopped spread spectrum communication techniques (page-26), Analysis of error detection and correction codes (page-37), Computer simulation analysis (page-48), Summary results (page-83). | ||
| 538 | _aAlmirah No. 69 Shelf No. 2 | ||
| 650 | _aMS Thesis | ||
| 651 | _aMSc -17 | ||
| 999 |
_c181503 _d181503 |
||